| 000 | 00550nam a2200193Ia 4500 | ||
|---|---|---|---|
| 005 | 20230405110006.0 | ||
| 008 | 131103s9999 xx 000 0 und d | ||
| 020 | _a0 440 37864 8 | ||
| 040 | _aLoreto College | ||
| 041 | _aEnglish | ||
| 082 |
_a823.08 _bWAR |
||
| 245 |
_aShort story masterpieces _cEdited by Robert Penn Warren & Albert Erskine |
||
| 260 |
_aNew york _bDell _c1982 |
||
| 300 | _axiii,513p. | ||
| 650 | _aEnglisg fiction - collections | ||
| 700 | _aWarren, Robert Penn & Erskine, Albert ; ed. | ||
| 850 | _aLCLIB | ||
| 942 | _cBK | ||
| 999 |
_c22201 _d72680 |
||